| LDR | | 00000nam k2200205 c 4500 |
| 001 | | 000000167332 |
| 008 | | 121008s2012 ulk 000af kor |
| 007 | | ta |
| 020 | |
▼a 9788972756125
▼g 03830:
▼c \14800 |
| 040 | |
▼a 248032
▼c 248032
▼d 248032 |
| 041 | 1 |
▼a kor
▼h jpn |
| 049 | 0 |
▼l EM78602 |
| 056 | |
▼a 833.6
▼2 4 |
| 090 | |
▼a 833.6
▼b 히12마 |
| 100 | 1 |
▼a 히가시노 게이고 |
| 245 | 10 |
▼a 매스커레이드 호텔= :
▼x Masquerade hotel:
▼b 히가시노 게이고 장편소설 /
▼d 히가시노 게이고 지음;,
▼e 양윤옥 옮김. |
| 250 | |
▼a 초판. |
| 260 | |
▼a 서울 :
▼b 현대문학,
▼c 2012. |
| 300 | |
▼a 503 p. ;
▼c 20 cm. |
| 500 | 00 |
▼a 히가시노 게이고의 한자명은 "東野圭吾" 임 |
| 507 | 10 |
▼a 東野圭吾 |
| 507 | 10 |
▼t マスカレ-ド ホテル |
| 653 | |
▼a 매스커레이드
▼a 호텔
▼a MASQUERADE
▼a HOTEL
▼a 일본문학
▼a 현대소설 |
| 700 | 1 |
▼a 양윤옥 |
| 900 | 11 |
▼a 동야규오 |
| 950 | 0 |
▼b \14800 |
| 990 | |
▼a 관리자
▼b 관리자 |
| 005 | | 20121018083420 |